[Event "Collado Villalba 2015"]
[Site "Collado Villalba (ESP)"]
[Date "2015.08.22"]
[Round "1.23"]
[White "Garcia Saez, Juan Carlos"]
[Black "Ojosnegros Martin, Angel"]
[Result "1-0"]
[WhiteElo "2010"]
[BlackElo "1484"]
[PlyCount "65"]
[EventDate "2015.08.22"]
[EventType "swiss"]
[EventRounds "9"]
[EventCountry "ESP"]
[Source "lmi"]
[SourceDate "2015.08.22"]

1. c3 Nf6 2. d3 d5 3. g3 e6 4. Bg2 Be7 5. Nf3 Nbd7 6. Nbd2 c5 7. O-O O-O 8. e4
Bd6 9. Re1 Qc7 10. Qe2 dxe4 11. dxe4 e5 12. Nc4 Re8 13. b3 h6 14. Bb2 Bf8 15.
Rad1 Rb8 16. Ne3 Nb6 17. c4 Bd6 18. Qd3 Rd8 19. Nxe5 Be7 20. Nd5 Nfxd5 21. exd5
Bd6 22. Re3 f6 23. Ng6 Qf7 24. Rde1 Bd7 25. Ne7+ Kh8 26. Nf5 Bxf5 27. Qxf5 Re8
28. Be4 Qg8 29. Qg6 Be5 30. Bxe5 Rxe5 31. f4 Ree8 32. Bf5 Rxe3 33. Rxe3 1-0

[Event "Collado Villalba 2015"]
[Site "Collado Villalba (ESP)"]
[Date "2015.08.22"]
[Round "1.24"]
[White "Tipter, Napoleon"]
[Black "Aguilera Lopez, Alejandro"]
[Result "0-1"]
[WhiteElo "2019"]
[BlackElo "1999"]
[PlyCount "84"]
[EventDate "2015.08.22"]
[EventType "swiss"]
[EventRounds "9"]
[EventCountry "ESP"]
[Source "lmi"]
[SourceDate "2015.08.22"]

1. e4 c5 2. d4 cxd4 3. c3 e6 4. Nf3 Nf6 5. Bd3 dxc3 6. Nxc3 Be7 7. O-O O-O 8.
Bg5 d5 9. Qe2 Nxe4 10. Nxe4 dxe4 11. Qxe4 f5 12. Qe3 Bxg5 13. Nxg5 Qf6 14. f4
h6 15. Nf3 Nc6 16. Rac1 Qxb2 17. Rb1 Qxa2 18. Rfc1 Qa3 19. Ra1 Qe7 20. Rab1 a5
21. Bc4 a4 22. Qc3 a3 23. Ba2 Ra4 24. g3 Rd8 25. Ne5 Nxe5 26. Qxe5 Re4 27. Qxf5
Re2 28. Rc2 Rxc2 29. Qxc2 Qd6 30. Rc1 b6 31. Qe4 Kh8 32. Bb1 Kg8 33. Qh7+ Kf8
34. Bg6 Qd4+ 35. Kg2 Qd2+ 36. Kh3 Qxc1 37. Qh8+ Ke7 38. Qxg7+ Kd6 39. Qe5+ Kd7
40. Qg7+ Kc6 41. Be4+ Kb5 42. Qe7 Qd1 0-1

[Event "Collado Villalba 2015"]
[Site "Collado Villalba (ESP)"]
[Date "2015.08.23"]
[Round "2.1"]
[White "Rodriguez Melendez, Juan Humbe"]
[Black "Moreno Ruiz, Javier"]
[Result "1-0"]
[WhiteElo "2130"]
[BlackElo "2467"]
[PlyCount "87"]
[EventDate "2015.08.22"]
[EventType "swiss"]
[EventRounds "9"]
[EventCountry "ESP"]
[Source "lmi"]
[SourceDate "2015.08.22"]

1. e4 c5 2. Nf3 Nc6 3. d4 cxd4 4. Nxd4 g6 5. Nc3 Bg7 6. Be3 Nf6 7. Bc4 Qa5 8.
O-O O-O 9. Nb3 Qc7 10. Be2 d6 11. Qd2 b6 12. Bg5 Nd7 13. Nd5 Qd8 14. Bb5 Ndb8
15. c3 Be6 16. Rfe1 a6 17. Bxc6 Nxc6 18. Nd4 Bxd4 19. cxd4 f6 20. Bh6 Re8 21.
Rac1 Bd7 22. Re3 Kh8 23. Rec3 Rc8 24. R3c2 Rg8 25. Be3 g5 26. Nb4 Nxb4 27. Qxb4
Rxc2 28. Rxc2 b5 29. e5 Bf5 30. Rc1 d5 31. exf6 exf6 32. Rc6 Re8 33. Qc5 Be4
34. Rxa6 f5 35. Ra7 f4 36. Bd2 f3 37. g3 Qf6 38. h3 Bf5 39. g4 Be4 40. Ba5 Qf8
41. Qc6 Rc8 42. Bc7 Kg8 43. Qe6+ Qf7 44. Qxc8+ 1-0

[Event "Collado Villalba 2015"]
[Site "Collado Villalba (ESP)"]
[Date "2015.08.23"]
[Round "2.2"]
[White "Perez Mitjans, Orelvis"]
[Black "Palenciano Escolar, Adrian"]
[Result "1-0"]
[WhiteElo "2434"]
[BlackElo "2120"]
[PlyCount "51"]
[EventDate "2015.08.22"]
[EventType "swiss"]
[EventRounds "9"]
[EventCountry "ESP"]
[Source "lmi"]
[SourceDate "2015.08.22"]

1. e4 c5 2. Nf3 d6 3. c3 Nf6 4. h3 Bd7 5. Bd3 Bc6 6. Qe2 Nh5 7. g3 g6 8. Bc2
Bg7 9. d4 cxd4 10. cxd4 Qb6 11. Nc3 Bxd4 12. Nxd4 Qxd4 13. Bh6 Nd7 14. Bb3 Nhf6
15. O-O Nxe4 16. Rfe1 f5 17. Rad1 Qf6 18. Nd5 Bxd5 19. Bxd5 O-O-O 20. Be3 Kb8
21. Qb5 Nb6 22. Bxb6 axb6 23. Qxb6 Rd7 24. Rd3 Rc8 25. Ra3 Rc5 26. Qa7+ 1-0

[Event "Collado Villalba 2015"]
[Site "Collado Villalba (ESP)"]
[Date "2015.08.23"]
[Round "2.3"]
[White "Aziz Ortego, Omar Luis"]
[Black "Valles Moreno, Ivan"]
[Result "0-1"]
[WhiteElo "2123"]
[BlackElo "2421"]
[PlyCount "148"]
[EventDate "2015.08.22"]
[EventType "swiss"]
[EventRounds "9"]
[EventCountry "ESP"]
[Source "lmi"]
[SourceDate "2015.08.22"]

1. e4 e5 2. Nc3 Nc6 3. Bc4 Nf6 4. d3 Na5 5. f4 Nxc4 6. dxc4 Bb4 7. Qe2 d6 8.
fxe5 dxe5 9. Bd2 c6 10. Nf3 Qe7 11. a3 Ba5 12. O-O Bg4 13. b4 Bc7 14. Be3 Nd7
15. h3 Be6 16. c5 f6 17. Nb1 Bf7 18. Nbd2 Qe6 19. Ne1 Nf8 20. Nd3 Qe7 21. a4
Ne6 22. Qf2 O-O 23. b5 Ba5 24. Nc4 Bc7 25. b6 Bb8 26. a5 Nd4 27. Ncb2 Bg6 28.
Bxd4 exd4 29. Rae1 axb6 30. axb6 Bxe4 31. Qxd4 f5 32. Qc4+ Kh8 33. Nd1 Bg3 34.
N1f2 Rae8 35. Re3 Bxd3 36. Rxd3 Bb8 37. Rf3 g6 38. Nd3 Rf6 39. Re1 Re6 40. Qxe6
Qxe6 41. Rxe6 Rxe6 42. Kf2 Kg7 43. Re3 Kf6 44. Kf3 h5 45. h4 Rxe3+ 46. Kxe3 Bg3
47. c4 Bxh4 48. Kf3 g5 49. Nb4 g4+ 50. Kf4 Bg5+ 51. Kg3 Be3 52. Nd3 Kg5 53. Kh2
f4 54. Ne5 Bxc5 55. Nd7 Bd4 56. c5 Kf5 57. Kh1 Ke6 58. Nf8+ Kd5 59. Nd7 Bxc5
60. Nf6+ Ke5 61. Nxh5 Bxb6 62. Ng3 Ba5 63. Ne2 Bd2 64. Kg1 b5 65. Kf1 b4 66.
Ng1 b3 67. Ke2 Be3 68. Kd1 Bxg1 69. Kd2 Kd4 70. Kc1 Kc3 71. Kb1 Be3 72. g3 fxg3
73. Ka1 g2 74. Kb1 g1=Q# 0-1

[Event "Collado Villalba 2015"]
[Site "Collado Villalba (ESP)"]
[Date "2015.08.23"]
[Round "2.4"]
[White "Hernando Pertierra, Jose C"]
[Black "Lianes Garcia, Marcos"]
[Result "0-1"]
[WhiteElo "2385"]
[BlackElo "2059"]
[PlyCount "76"]
[EventDate "2015.08.22"]
[EventType "swiss"]
[EventRounds "9"]
[EventCountry "ESP"]
[Source "lmi"]
[SourceDate "2015.08.22"]

1. Nf3 c5 2. c4 Nf6 3. g3 Nc6 4. d4 cxd4 5. Nxd4 d6 6. Bg2 Bd7 7. O-O g6 8. b3
Bg7 9. Bb2 O-O 10. Nc3 a6 11. Qd2 Qb6 12. e3 Rac8 13. Rad1 Rfd8 14. h3 Qc7 15.
g4 h6 16. f4 Nxd4 17. Qxd4 Nxg4 18. Qa7 Ra8 19. Qxb7 Qxb7 20. Bxb7 Nxe3 21.
Bxa8 Nxd1 22. Nxd1 Bxb2 23. Nxb2 Rxa8 24. Kg2 a5 25. Re1 Kf8 26. Re3 a4 27. b4
a3 28. Nd1 Be6 29. Rc3 Ra4 30. b5 Bxc4 31. b6 Bxa2 32. Rc8+ Kg7 33. Nc3 Bd5+
34. Nxd5 a2 35. b7 a1=Q 36. b8=Q Ra2+ 37. Kf3 Qd1+ 38. Kg3 Qe1+ 0-1

[Event "Collado Villalba 2015"]
[Site "Collado Villalba (ESP)"]
[Date "2015.08.23"]
[Round "2.5"]
[White "Martin Carmona, Gaston Manuel"]
[Black "Aranda Marin, Cristian"]
[Result "1-0"]
[WhiteElo "2068"]
[BlackElo "2368"]
[PlyCount "127"]
[EventDate "2015.08.22"]
[EventType "swiss"]
[EventRounds "9"]
[EventCountry "ESP"]
[Source "lmi"]
[SourceDate "2015.08.22"]

1. e4 d6 2. d4 Nf6 3. Nc3 c6 4. f3 Qb6 5. Bc4 e6 6. Bb3 d5 7. Bg5 Be7 8. e5 Ng8
9. Qd2 Nd7 10. Be3 h5 11. f4 Nh6 12. Nf3 Nf5 13. Bf2 Qc7 14. Nd1 a5 15. a3 b5
16. Ne3 Nb6 17. O-O a4 18. Ba2 g6 19. Nxf5 gxf5 20. Bh4 Bxh4 21. Nxh4 Nc4 22.
Bxc4 dxc4 23. Qb4 Bb7 24. Nf3 Rg8 25. Ng5 Qd7 26. Qc5 Rg7 27. Rad1 Rd8 28. c3
Qe7 29. Kf2 Qc7 30. Ke3 Rd5 31. Qb4 Qd7 32. Ke2 h4 33. Qa5 Rg6 34. Rg1 Rh6 35.
Rgf1 Kf8 36. Qb4+ Kg7 37. Rg1 Rg6 38. h3 c5 39. dxc5 Rd3 40. c6 Bxc6 41. Qc5
Rxg5 42. fxg5 Bxg2 43. Qf2 Be4 44. g6 Rxd1 45. Rxd1 Bd3+ 46. Kd2 Qd5 47. Qxh4
Qg2+ 48. Ke3 f4+ 49. Qxf4 Bxg6 50. Qf6+ Kh7 51. Qh4+ Kg7 52. Qf6+ Kh6 53. Qh8+
Kg5 54. h4+ Kg4 55. Rd4+ Kg3 56. Qf6 Qg1+ 57. Kd2 Qg2+ 58. Ke1 Qg1+ 59. Qf1
Qe3+ 60. Qe2 Qc1+ 61. Rd1 Qf4 62. Rd2 Kh3 63. Qg2+ Kxh4 64. Rd4 1-0

[Event "Collado Villalba 2015"]
[Site "Collado Villalba (ESP)"]
[Date "2015.08.23"]
[Round "2.6"]
[White "Elissalt Cardenas, Hector"]
[Black "Garcia Saez, Juan Carlos"]
[Result "1/2-1/2"]
[WhiteElo "2350"]
[BlackElo "2010"]
[PlyCount "89"]
[EventDate "2015.08.22"]
[EventType "swiss"]
[EventRounds "9"]
[EventCountry "ESP"]
[Source "lmi"]
[SourceDate "2015.08.22"]

1. c4 c6 2. Nf3 d6 3. e4 g6 4. d4 Bg7 5. h3 Nd7 6. Nc3 Qc7 7. Bd3 Ngf6 8. Be3
O-O 9. Qd2 e5 10. d5 Nc5 11. Bc2 a5 12. Rd1 Nfxe4 13. Nxe4 Nxe4 14. Bxe4 f5 15.
dxc6 fxe4 16. Ng5 Qxc6 17. Qd5+ Qxd5 18. cxd5 Bf5 19. g4 h6 20. gxf5 hxg5 21.
fxg6 Bf6 22. Rg1 Rac8 23. Kd2 Kg7 24. Rg4 Rh8 25. Rxe4 Rxh3 26. b4 a4 27. b5
Rh4 28. Kd3 Kxg6 29. Rb1 Kf5 30. Rbb4 Rxe4 31. Rxe4 Rc3+ 32. Kxc3 Kxe4 33. Kb4
Kxd5 34. Kxa4 Bd8 35. Kb4 Ke4 36. a4 d5 37. a5 d4 38. Bxg5 Bc7 39. a6 bxa6 40.
bxa6 Bb6 41. Kc4 Kf3 42. Bf6 Ke4 43. f3+ Kxf3 44. Bxe5 Ke3 45. Bxd4+ 1/2-1/2

[Event "Collado Villalba 2015"]
[Site "Collado Villalba (ESP)"]
[Date "2015.08.23"]
[Round "2.7"]
[White "Erice Alonso, Santiago"]
[Black "Martinez Reyes, Pedro Ramon"]
[Result "0-1"]
[WhiteElo "2013"]
[BlackElo "2349"]
[PlyCount "114"]
[EventDate "2015.08.22"]
[EventType "swiss"]
[EventRounds "9"]
[EventCountry "ESP"]
[Source "lmi"]
[SourceDate "2015.08.22"]

1. e4 c5 2. Nf3 Nc6 3. Bb5 d6 4. O-O Bd7 5. Re1 a6 6. Bxc6 Bxc6 7. c3 Nf6 8. d4
Bxe4 9. Bg5 Bd5 10. Nbd2 e6 11. c4 Bxf3 12. Qxf3 cxd4 13. Bxf6 gxf6 14. Qxb7
Qc8 15. Qe4 Be7 16. Nf3 Rb8 17. Nxd4 Qb7 18. Qxb7 Rxb7 19. Rab1 Rg8 20. Nc6 Rg4
21. b4 Rb6 22. Nxe7 Kxe7 23. Rec1 d5 24. cxd5 Rgxb4 25. Rxb4 Rxb4 26. dxe6 fxe6
27. g3 Kd6 28. Rc3 Ra4 29. a3 Kd5 30. Kg2 e5 31. h4 h5 32. Kf3 f5 33. Rb3 Kc4
34. Re3 Kd4 35. Ke2 e4 36. Kd2 Ra5 37. Kc2 Rc5+ 38. Kd2 Rb5 39. Kc2 f4 40. gxf4
Rf5 41. Kd2 Rxf4 42. Ke2 Kc4 43. Rh3 a5 44. Ke3 Rg4 45. f3 exf3 46. Kxf3 Kb3
47. Kf2+ Kb2 48. Ke2 a4 49. Kd2 Rd4+ 50. Ke3 Kc3 51. Ke2+ Kc2 52. Ke1 Re4+ 53.
Kf2 Kd2 54. Kf1 Rf4+ 55. Kg2 Ke2 56. Kh1 Rf3 57. Rh2+ Kf1 0-1

[Event "Collado Villalba 2015"]
[Site "Collado Villalba (ESP)"]
[Date "2015.08.23"]
[Round "2.8"]
[White "Aguilera Lopez, Alejandro"]
[Black "Semprun Martinez, Fernando"]
[Result "0-1"]
[WhiteElo "1999"]
[BlackElo "2215"]
[PlyCount "66"]
[EventDate "2015.08.22"]
[EventType "swiss"]
[EventRounds "9"]
[EventCountry "ESP"]
[Source "lmi"]
[SourceDate "2015.08.22"]

1. d4 Nf6 2. Nf3 c5 3. e3 g6 4. c3 Bg7 5. Be2 O-O 6. O-O d5 7. Nbd2 Qc7 8. Ne5
Nfd7 9. f4 Nxe5 10. fxe5 Na6 11. Bf3 Rd8 12. Nb3 Bf5 13. g4 Bc8 14. Qe2 b6 15.
e4 cxd4 16. cxd4 Nb4 17. Bd2 Ba6 18. Qg2 Bxf1 19. Qxf1 dxe4 20. Bxe4 Nd5 21.
Bg5 Bxe5 22. dxe5 Qxe5 23. Bxd5 Rxd5 24. Bh4 g5 25. Re1 Qg7 26. Bg3 e6 27. Qg2
Rad8 28. Rf1 Rd1 29. Be1 Qe5 30. Qf2 R8d7 31. Bc3 Rxf1+ 32. Kxf1 Rd1+ 33. Kg2
Qe4+ 0-1

[Event "Collado Villalba 2015"]
[Site "Collado Villalba (ESP)"]
[Date "2015.08.23"]
[Round "2.9"]
[White "Bermejo Arruego, Luis"]
[Black "Esquivias Gomez, Francisco J"]
[Result "1/2-1/2"]
[WhiteElo "2167"]
[BlackElo "1999"]
[PlyCount "52"]
[EventDate "2015.08.22"]
[EventType "swiss"]
[EventRounds "9"]
[EventCountry "ESP"]
[Source "lmi"]
[SourceDate "2015.08.22"]

1. e4 g6 2. d4 Bg7 3. Nc3 a6 4. f4 d5 5. Nxd5 e6 6. Ne3 Qxd4 7. Qxd4 Bxd4 8.
Nf3 Bg7 9. e5 Nc6 10. Bd2 Bd7 11. O-O-O O-O-O 12. Bc4 h5 13. Ng5 Nh6 14. Bc3
Rhg8 15. Be2 Be8 16. h3 Rxd1+ 17. Rxd1 Rh8 18. Bf3 Nd8 19. a3 Bc6 20. Ne4 Nf5
21. Nxf5 exf5 22. Ng5 Bxf3 23. gxf3 Re8 24. a4 Bh6 25. h4 Bxg5 26. fxg5 Ne6
1/2-1/2

[Event "Collado Villalba 2015"]
[Site "Collado Villalba (ESP)"]
[Date "2015.08.23"]
[Round "2.10"]
[White "Eizaguerri Floris, Maria"]
[Black "Pastor Alonso De Prado, Albert"]
[Result "1-0"]
[WhiteElo "1822"]
[BlackElo "2167"]
[PlyCount "87"]
[EventDate "2015.08.22"]
[EventType "swiss"]
[EventRounds "9"]
[EventCountry "ESP"]
[Source "lmi"]
[SourceDate "2015.08.22"]

1. e4 e5 2. Nf3 Nc6 3. Bc4 Be7 4. d4 exd4 5. Nxd4 d6 6. O-O Nf6 7. Nc3 O-O 8.
f3 Nxd4 9. Qxd4 c6 10. a4 Ne8 11. Be3 Be6 12. Rad1 Qa5 13. Qd3 Qb4 14. Bxe6
fxe6 15. Qd4 a5 16. Ne2 Bf6 17. Qxb4 axb4 18. b3 Rf7 19. Bd4 Bxd4+ 20. Nxd4 Nc7
21. f4 d5 22. exd5 exd5 23. g3 Re8 24. Rfe1 Kf8 25. Nf3 Rfe7 26. Rxe7 Kxe7 27.
Ne5 Ke6 28. Nd3 Kf5 29. Kf2 Na6 30. g4+ Kf6 31. Kf3 g5 32. fxg5+ Kxg5 33. h4+
Kf6 34. Rf1 c5 35. Kg3+ Ke7 36. Rf5 Kd6 37. Nf4 Nc7 38. Rf6+ Kd7 39. g5 c4 40.
h5 cxb3 41. cxb3 Re3+ 42. Kg4 d4 43. Rf7+ Kc6 44. Rxc7+ 1-0

[Event "Collado Villalba 2015"]
[Site "Collado Villalba (ESP)"]
[Date "2015.08.23"]
[Round "2.11"]
[White "Garcia Paolicchi, Raul"]
[Black "Martin Martin, Luis Vicente"]
[Result "1/2-1/2"]
[WhiteElo "2148"]
[BlackElo "1933"]
[PlyCount "41"]
[EventDate "2015.08.22"]
[EventType "swiss"]
[EventRounds "9"]
[EventCountry "ESP"]
[Source "lmi"]
[SourceDate "2015.08.22"]

1. d4 d5 2. c4 c6 3. Nf3 Nf6 4. e3 Bf5 5. cxd5 cxd5 6. Qb3 Qc7 7. Nc3 e6 8. Bd2
Be7 9. Rc1 Nc6 10. Nh4 Bg4 11. h3 Bh5 12. g4 Nd7 13. Ng2 Bg6 14. Nf4 Qb6 15.
Qxb6 Nxb6 16. Be2 O-O 17. Nxg6 hxg6 18. O-O g5 19. Rfd1 Rfc8 20. Be1 g6 21. Nb1
1/2-1/2

[Event "Collado Villalba 2015"]
[Site "Collado Villalba (ESP)"]
[Date "2015.08.23"]
[Round "2.12"]
[White "Cao Armillas, Jesus"]
[Black "Camarero Izquierdo, Juan Carlo"]
[Result "1-0"]
[WhiteElo "2090"]
[BlackElo "1931"]
[PlyCount "33"]
[EventDate "2015.08.22"]
[EventType "swiss"]
[EventRounds "9"]
[EventCountry "ESP"]
[Source "lmi"]
[SourceDate "2015.08.22"]

1. d4 f5 2. g3 d5 3. Bg2 Nf6 4. Nh3 Nc6 5. O-O e5 6. dxe5 Nxe5 7. b3 Be6 8. Bb2
Neg4 9. Nf4 Qd7 10. h3 O-O-O 11. hxg4 Nxg4 12. c4 d4 13. Qxd4 Bd6 14. c5 g5 15.
c6 bxc6 16. Qxa7 Qf7 17. Bxc6 1-0

[Event "Collado Villalba 2015"]
[Site "Collado Villalba (ESP)"]
[Date "2015.08.23"]
[Round "2.13"]
[White "Cabrera Jimenez, Julio"]
[Black "Sanz Castillo, Santiago"]
[Result "0-1"]
[WhiteElo "1801"]
[BlackElo "2197"]
[PlyCount "74"]
[EventDate "2015.08.22"]
[EventType "swiss"]
[EventRounds "9"]
[EventCountry "ESP"]
[Source "lmi"]
[SourceDate "2015.08.22"]

1. e4 e6 2. d4 d5 3. Nc3 Bb4 4. exd5 exd5 5. Bd3 Nc6 6. Nf3 Bg4 7. Be3 Nf6 8.
O-O O-O 9. a3 Be7 10. Re1 Re8 11. h3 Bh5 12. Be2 h6 13. Qd2 Bf8 14. Rad1 Ne7
15. g4 Bg6 16. g5 hxg5 17. Bxg5 Ne4 18. Nxe4 Bxe4 19. Nh4 Qd6 20. Bd3 Ng6 21.
Bxe4 dxe4 22. Nxg6 Qxg6 23. Kh1 Qf5 24. Qe3 Bd6 25. Rg1 Kh7 26. Rg4 f6 27. Bf4
Bxf4 28. Rxf4 Qe6 29. Re1 f5 30. f3 g5 31. fxe4 gxf4 32. Qxf4 fxe4 33. Re3 Rg8
34. Qh4+ Qh6 35. Qxe4+ Rg6 36. Rg3 Rag8 37. Rg4 Qh5 0-1

[Event "Collado Villalba 2015"]
[Site "Collado Villalba (ESP)"]
[Date "2015.08.23"]
[Round "2.14"]
[White "Gutierrez Mordini, Pablo"]
[Black "De La Orden Alcocer, Alejandro"]
[Result "0-1"]
[WhiteElo "1902"]
[BlackElo "2006"]
[PlyCount "138"]
[EventDate "2015.08.22"]
[EventType "swiss"]
[EventRounds "9"]
[EventCountry "ESP"]
[Source "lmi"]
[SourceDate "2015.08.22"]

1. d4 Nf6 2. Nf3 g6 3. c4 d5 4. Nc3 Bg7 5. e3 O-O 6. Be2 dxc4 7. Bxc4 c5 8. O-O
cxd4 9. Nxd4 Bd7 10. Qe2 Nc6 11. Rd1 Nxd4 12. Rxd4 Qb6 13. Bb3 Bc6 14. Bd2 Rfd8
15. Na4 Qc7 16. Rc1 Rxd4 17. exd4 Qd7 18. Nc5 Qxd4 19. Qxe7 Qxd2 20. Rd1 Qg5
21. Bxf7+ Kh8 22. Rd8+ Rxd8 23. Qxd8+ Be8 24. Nd3 Qg4 25. Ne5 Qe4 26. Nd3 Qc6
27. g4 Qd7 28. Qxd7 Bxd7 29. g5 Ne4 30. h4 Bb5 31. Nf4 Bxb2 32. Nxg6+ Kg7 33.
Bd5 hxg6 34. Bxe4 Bc6 35. Bc2 Bf3 36. a4 Be5 37. Bd3 Bf4 38. Kf1 b6 39. Kg1 Bd1
40. Bb5 Bc2 41. Kf1 Kf7 42. Ke2 Ke6 43. Be8 Ke5 44. Bd7 Bc1 45. Kf3 Bd1+ 46.
Kg3 Bf4+ 47. Kg2 Ke4 48. Be8 Bh5 49. f3+ Ke3 50. Bc6 Be5 51. Bb7 Bc3 52. Be4
Be1 53. Kh3 Bxf3 54. Bxg6 Kf4 55. Be8 Bg4+ 56. Kg2 Bxh4 57. g6 Bf6 58. Kf2 Ke4
59. Kg3 Be6 60. Kf2 Kd4 61. Kf3 Be5 62. Bb5 Bf5 63. Be8 Kc5 64. Ke3 Kb4 65. Kd2
Bf4+ 66. Ke1 Bh6 67. Kd1 Kc3 68. Ke2 Bd2 69. Kf2 Kd4 0-1

[Event "Collado Villalba 2015"]
[Site "Collado Villalba (ESP)"]
[Date "2015.08.23"]
[Round "2.15"]
[White "Longa Yauca, Javier"]
[Black "Perez Vazquez, Manuel"]
[Result "1-0"]
[WhiteElo "2255"]
[BlackElo "1837"]
[PlyCount "77"]
[EventDate "2015.08.22"]
[EventType "swiss"]
[EventRounds "9"]
[EventCountry "ESP"]
[Source "lmi"]
[SourceDate "2015.08.22"]

1. d4 f5 2. Nf3 Nf6 3. c4 g6 4. Nc3 Bg7 5. d5 d6 6. g3 O-O 7. Bg2 Na6 8. Nd4
Nc5 9. b4 Nce4 10. Nxe4 Nxe4 11. Bb2 Nf6 12. O-O Bd7 13. Qb3 Kh8 14. Rfd1 Qe8
15. a4 a5 16. c5 axb4 17. c6 bxc6 18. dxc6 Bc8 19. Rac1 e5 20. Nb5 Be6 21. Qxb4
Rb8 22. Qa3 Qf7 23. e3 Ne8 24. Bf1 g5 25. Bc3 f4 26. Be1 fxg3 27. hxg3 Bd5 28.
Rxd5 Qxd5 29. Bg2 Qf7 30. Qd3 Nf6 31. Qf5 h6 32. g4 Qe7 33. Ba5 Rf7 34. Nxc7
Ne8 35. Nd5 Qf8 36. Qc2 e4 37. Nb6 Qe7 38. Qxe4 Be5 39. Nd5 1-0

[Event "Collado Villalba 2015"]
[Site "Collado Villalba (ESP)"]
[Date "2015.08.23"]
[Round "2.17"]
[White "Montiel Miguelez, Manuel"]
[Black "Cortes Jurado, Rafael"]
[Result "1/2-1/2"]
[WhiteElo "1854"]
[BlackElo "2073"]
[PlyCount "60"]
[EventDate "2015.08.22"]
[EventType "swiss"]
[EventRounds "9"]
[EventCountry "ESP"]
[Source "lmi"]
[SourceDate "2015.08.22"]

1. e4 e5 2. Nf3 Nf6 3. Nxe5 d6 4. Nf3 Nxe4 5. Nc3 Nxc3 6. dxc3 Be7 7. Be3 O-O
8. Qd2 Nc6 9. O-O-O Ne5 10. Bf4 Ng6 11. h4 Nxf4 12. Qxf4 Qd7 13. Bd3 Qg4 14.
Qe3 Bf6 15. Ng5 g6 16. f3 Bxg5 17. hxg5 Qa4 18. Rh6 Re8 19. Qf2 f5 20. gxf6
Qf4+ 21. Qd2 Qxf6 22. Rdh1 Re7 23. g4 Bd7 24. Qh2 Qxf3 25. Rxg6+ hxg6 26. Qh8+
Kf7 27. Qh7+ Kf8 28. Qh8+ Kf7 29. Qh7+ Kf8 30. Qh8+ Kf7 1/2-1/2

[Event "Collado Villalba 2015"]
[Site "Collado Villalba (ESP)"]
[Date "2015.08.23"]
[Round "2.18"]
[White "Perdomo Araujo, Angel Eduardo"]
[Black "Rodriguez Izquierdo, Luis"]
[Result "1-0"]
[WhiteElo "1998"]
[BlackElo "1854"]
[PlyCount "89"]
[EventDate "2015.08.22"]
[EventType "swiss"]
[EventRounds "9"]
[EventCountry "ESP"]
[Source "lmi"]
[SourceDate "2015.08.22"]

1. a3 g6 2. g3 Bg7 3. Bg2 Nf6 4. Nf3 O-O 5. d4 d5 6. O-O Nc6 7. e3 e6 8. Qd3 a6
9. c4 Re8 10. Nc3 Ne7 11. e4 Bd7 12. cxd5 exd5 13. e5 Ne4 14. Nxd5 Nxd5 15.
Qxe4 Bf5 16. Qh4 Qd7 17. Bh6 f6 18. Bxg7 Kxg7 19. exf6+ Nxf6 20. Qf4 Re4 21.
Qd2 Bg4 22. Qc3 Re7 23. Ne5 Qb5 24. Rfe1 Rae8 25. f4 Be6 26. b4 Bd5 27. Qc5
Bxg2 28. Qxb5 axb5 29. Kxg2 Rd8 30. Red1 Re6 31. Rac1 c6 32. h3 Red6 33. Nf3
Nd5 34. Re1 Kf6 35. Re5 Nc7 36. Rce1 R8d7 37. g4 Ne6 38. g5+ Kf7 39. R5e4 Ke7
40. h4 Rd8 41. h5 Rg8 42. hxg6 hxg6 43. Kg3 Rg7 44. Kg4 Rf7 45. f5 1-0

[Event "Collado Villalba 2015"]
[Site "Collado Villalba (ESP)"]
[Date "2015.08.23"]
[Round "2.19"]
[White "Petru, Lucian Olimpiu"]
[Black "Jordana Vargas, Julio"]
[Result "1/2-1/2"]
[WhiteElo "1845"]
[BlackElo "1998"]
[PlyCount "42"]
[EventDate "2015.08.22"]
[EventType "swiss"]
[EventRounds "9"]
[EventCountry "ESP"]
[Source "lmi"]
[SourceDate "2015.08.22"]

1. Nf3 d5 2. g3 g6 3. Bg2 Bg7 4. O-O Nf6 5. d3 O-O 6. Nbd2 c5 7. Re1 Nc6 8. e4
dxe4 9. dxe4 e5 10. c3 Qc7 11. Qe2 Be6 12. h3 h6 13. Nf1 Rfd8 14. Nh4 Qd7 15.
Kh2 Qd3 16. Be3 b6 17. Qf3 Nh7 18. Kg1 Ng5 19. Bxg5 Qxf3 20. Nxf3 hxg5 21. Nxg5
Bc8 1/2-1/2

[Event "Collado Villalba 2015"]
[Site "Collado Villalba (ESP)"]
[Date "2015.08.23"]
[Round "2.20"]
[White "Garcia Galeote, Lorenzo"]
[Black "Corral Aragon, Juan Maria"]
[Result "1/2-1/2"]
[WhiteElo "1973"]
[BlackElo "1845"]
[PlyCount "113"]
[EventDate "2015.08.22"]
[EventType "swiss"]
[EventRounds "9"]
[EventCountry "ESP"]
[Source "lmi"]
[SourceDate "2015.08.22"]

1. b3 Nf6 2. Bb2 g6 3. Bxf6 exf6 4. d4 Bg7 5. e3 O-O 6. g3 c5 7. c3 cxd4 8.
cxd4 d5 9. Bg2 Bf5 10. Nc3 Qa5 11. Qd2 Rc8 12. Nxd5 Qxd2+ 13. Kxd2 Rc2+ 14. Kd1
Rxf2 15. Ne7+ Kf8 16. Nxf5 Rxg2 17. Nxg7 Kxg7 18. Ne2 Rf2 19. Kd2 Na6 20. Raf1
Rg2 21. Rc1 Nb4 22. a3 Nd5 23. Rc5 Nxe3 24. Kd3 Ng4 25. Rhc1 Re8 26. Nf4 Rxh2
27. Rc7 Re3+ 28. Kc4 b5+ 29. Kb4 a5+ 30. Kxa5 g5 31. Nd5 Rxb3 32. R1c3 Rxc3 33.
Nxc3 h5 34. Nxb5 h4 35. gxh4 gxh4 36. Nd6 Nh6 37. Ne8+ Kg6 38. d5 Rd2 39. d6
Nf5 40. Rc4 Rd5+ 41. Kb4 Rd4 42. d7 Rxd7 43. Rg4+ Kh6 44. Nxf6 Rd4+ 45. Kc5
Rxg4 46. Nxg4+ Kg5 47. Nf2 Kf4 48. a4 Kf3 49. Nh3 Kg3 50. a5 Ne7 51. a6 Nc8 52.
Ng5 h3 53. Nxh3 Kxh3 54. Kc6 f5 55. Kb7 Nd6+ 56. Kc6 Nc8 57. Kb7 1/2-1/2

[Event "Collado Villalba 2015"]
[Site "Collado Villalba (ESP)"]
[Date "2015.08.23"]
[Round "2.21"]
[White "Porras Fernandez, Alberto"]
[Black "Torres Samper, Rafael"]
[Result "0-1"]
[WhiteElo "1802"]
[BlackElo "1971"]
[PlyCount "58"]
[EventDate "2015.08.22"]
[EventType "swiss"]
[EventRounds "9"]
[EventCountry "ESP"]
[Source "lmi"]
[SourceDate "2015.08.22"]

1. e4 c5 2. Nf3 d6 3. d4 cxd4 4. Nxd4 Nf6 5. Nc3 a6 6. f3 e6 7. Be3 Be7 8. Qd2
Qc7 9. O-O-O b5 10. Kb1 Bb7 11. g4 h6 12. Bg2 Nbd7 13. h4 Ne5 14. g5 hxg5 15.
hxg5 Rxh1 16. Rxh1 Nfd7 17. Rh8+ Nf8 18. Qe2 Rc8 19. f4 Nc4 20. Bc1 b4 21. Nd1
Qb6 22. Nb3 a5 23. Ne3 Ba6 24. Nxc4 Bxc4 25. Qe3 Qc7 26. f5 Bxg5 27. Qxg5 Bxb3
28. axb3 Qxc2+ 29. Ka2 a4 0-1